000 00288nam a2200109Ia 4500
008 200302s9999 xx 000 0 und d
100 _aSarah de Boer-Schultz and Others
245 _aGoods Interior Products From Sketch to Use
260 _bFrame Publishers
260 _c2013
300 _a500
999 _c3703
_d3703